[Event "Rated Blitz game"]
[Site "?"]
[Date "2021.06.24"]
[Round "?"]
[White "lareinedesneiges"]
[Black "Fantastic_power06"]
[Result "0-1"]
[WhiteElo "2687"]
[BlackElo "2692"]
[PlyCount "24"]
[EventDate "2021.??.??"]
[EventType "blitz"]

1. e4 e5 2. Nf3 d5 3. exd5 e4 4. Qe2 Nf6 5. Nc3 Be7 6. Nxe4 Nxd5 7. Qc4 O-O 8.
Be2 Nf4 9. O-O Be6 10. Qb5 a6 11. Qxb7 Nxe2+ 12. Kh1 Bd5 {Normal} 0-1

[Event "Rated Blitz game"]
[Site "?"]
[Date "2021.06.24"]
[Round "?"]
[White "Zadokhlik"]
[Black "annaly1979"]
[Result "1-0"]
[WhiteElo "2431"]
[BlackElo "2426"]
[PlyCount "99"]
[EventDate "2021.??.??"]
[EventType "blitz"]

1. e4 e5 2. Nf3 d5 3. Nxe5 Qe7 4. d4 f6 5. Nd3 Nc6 6. c3 Bf5 7. Nd2 Bxe4 8.
Nxe4 dxe4 9. Nf4 Qd7 10. Qh5+ Qf7 11. Qxf7+ Kxf7 12. Bc4+ Ke8 13. O-O Bd6 14.
Re1 f5 15. f3 Nf6 16. Nd5 Kd7 17. Nxf6+ gxf6 18. fxe4 fxe4 19. Rxe4 Rae8 20.
Rxe8 Rxe8 21. Bd2 Na5 22. Bd3 h5 23. Rf1 Be7 24. Rf5 Nc6 25. Rxh5 Bd6 26. Rh7+
Re7 27. g4 Rxh7 28. Bxh7 Ke7 29. Kg2 Kf7 30. h4 Ne7 31. Be4 c6 32. Kf3 Nd5 33.
Bxd5+ cxd5 34. b3 b5 35. g5 Kg6 36. gxf6 Kxf6 37. Kg4 Ba3 38. h5 a6 39. Bg5+
Ke6 40. h6 Kf7 41. Kf5 Kg8 42. Ke6 Bb2 43. Kxd5 Bxc3 44. Kc5 Kh7 45. d5 Kg6 46.
d6 Kxg5 47. d7 Ba5 48. h7 Bd8 49. h8=Q Be7+ 50. Kc6 {Normal} 1-0

[Event "Rated Blitz game"]
[Site "?"]
[Date "2021.06.24"]
[Round "?"]
[White "DoubleP"]
[Black "annaly1979"]
[Result "1-0"]
[WhiteElo "2558"]
[BlackElo "2460"]
[PlyCount "87"]
[EventDate "2021.??.??"]
[EventType "blitz"]

1. e4 e5 2. Nf3 d5 3. d4 dxe4 4. Nxe5 Bd6 5. Nc4 Nf6 6. Be2 O-O 7. Bg5 h6 8.
Bh4 Nc6 9. c3 Be7 10. Nbd2 Bf5 11. Ne3 Bg6 12. f4 exf3 13. Bxf3 Nh7 14. Bf2 Re8
15. O-O Ng5 16. Qb3 Na5 17. Qa4 Nc6 18. Bxc6 bxc6 19. Qxc6 Bd6 20. Nec4 Bf4 21.
Bg3 Bxg3 22. hxg3 Rb8 23. Rae1 Bd3 24. Rxe8+ Qxe8 25. Qxe8+ Rxe8 26. Rc1 Re2
27. b3 f5 28. Nf3 Ne4 29. Nce5 Ba6 30. Kh2 Rxa2 31. c4 Ra3 32. b4 g5 33. b5 Bb7
34. d5 g4 35. Nd4 Nxg3 36. Re1 h5 37. Nd7 h4 38. Re7 Nf1+ 39. Kg1 Ra1 40. Kf2
Ng3 41. Ne6 Rf1+ 42. Ke3 Bc8 43. Nf6+ Kh8 44. Rh7# {Normal} 1-0

[Event "Rated Blitz game"]
[Site "?"]
[Date "2021.06.24"]
[Round "?"]
[White "notforeveryone"]
[Black "khalid_ontawar"]
[Result "0-1"]
[WhiteElo "2479"]
[BlackElo "2485"]
[PlyCount "68"]
[EventDate "2021.??.??"]
[EventType "blitz"]

1. e4 e5 2. Nf3 d5 3. Nxe5 Qe7 4. d4 f6 5. Qh5+ g6 6. Nxg6 Qxe4+ 7. Be3 Qxg6 8.
Qxd5 Bd6 9. Be2 Ne7 10. Qb5+ c6 11. Qb3 Qxg2 12. Rf1 Bg4 13. Qxb7 Bxe2 14. Kxe2
Qg4+ 15. f3 Qd7 16. Qxa8 O-O 17. Rg1+ Kh8 18. Bh6 Re8 19. Bg7+ Kg8 20. Bxf6+
Ng6+ 21. Kf2 Na6 22. Qxe8+ Qxe8 23. Nd2 Qe6 24. Ne4 Bxh2 25. Rg2 Bf4 26. Re1
Qxa2 27. Ng5 Bxg5 28. Bxg5 Qxb2 29. Bh6 Qxd4+ 30. Kf1 Qc4+ 31. Kg1 Qh4 32. Bd2
Nc5 33. Bc3 Na4 34. Ba1 Qxe1+ {Normal} 0-1

[Event "Rated Blitz tournament n92ABFnJ"]
[Site "?"]
[Date "2021.06.24"]
[Round "?"]
[White "ArtakAlikhanyan"]
[Black "gmmds2694"]
[Result "1-0"]
[WhiteElo "2488"]
[BlackElo "2585"]
[PlyCount "83"]
[EventDate "2021.??.??"]
[EventType "blitz"]

1. e4 e5 2. Nf3 d5 3. Nxe5 Bd6 4. d4 dxe4 5. Bc4 Bxe5 6. dxe5 Qxd1+ 7. Kxd1 Nc6
8. Bb5 Bd7 9. Bxc6 Bxc6 10. Bf4 Ne7 11. Ke2 Ng6 12. Bg3 h5 13. h4 O-O-O 14. Nc3
Rhe8 15. Rad1 Nxe5 16. Rxd8+ Kxd8 17. Rd1+ Kc8 18. Bxe5 Rxe5 19. Ke3 a5 20. Ne2
a4 21. b4 a3 22. c4 Bd7 23. Rc1 Be6 24. Rc3 c5 25. bxc5 Rxc5 26. Kd4 b6 27. Ng3
e3 28. fxe3 Kc7 29. Ne4 Ra5 30. g3 Kc6 31. Ng5 Kd6 32. e4 f6 33. Nxe6 Kxe6 34.
Rb3 Ra6 35. Rb5 g6 36. e5 f5 37. Rd5 Ra4 38. Rd6+ Kf7 39. Rxb6 g5 40. hxg5 f4
41. gxf4 h4 42. f5 {Normal} 1-0

[Event "Rated Blitz game"]
[Site "?"]
[Date "2021.06.24"]
[Round "?"]
[White "YourDentist93"]
[Black "annaly1979"]
[Result "1-0"]
[WhiteElo "2486"]
[BlackElo "2463"]
[PlyCount "39"]
[EventDate "2021.??.??"]
[EventType "blitz"]

1. e4 e5 2. Nf3 d5 3. Nxe5 Qe7 4. d4 f6 5. Qh5+ g6 6. Nxg6 Qxe4+ 7. Be3 Qxg6 8.
Qxd5 Ne7 9. Qb3 Nbc6 10. Nd2 Bf5 11. O-O-O O-O-O 12. Nf3 Be4 13. Bd3 h5 14. Nh4
Qh7 15. Qe6+ Kb8 16. Bxe4 f5 17. Nxf5 Nxf5 18. Bxf5 Qe7 19. d5 Rd6 20. Qc8# {
Normal} 1-0

[Event "Rated Blitz game"]
[Site "?"]
[Date "2021.06.24"]
[Round "?"]
[White "SHORT21"]
[Black "Winquitter"]
[Result "0-1"]
[WhiteElo "2713"]
[BlackElo "2553"]
[PlyCount "70"]
[EventDate "2021.??.??"]
[EventType "blitz"]

1. e4 e5 2. Nf3 d5 3. Nxe5 Qe7 4. d4 f6 5. Qh5+ g6 6. Nxg6 Qxe4+ 7. Be3 Qxg6 8.
Qxd5 Ne7 9. Qb3 Nbc6 10. Nd2 Bh6 11. O-O-O Bxe3 12. fxe3 Bd7 13. Qxb7 O-O 14.
Qxc7 Bf5 15. Bc4+ Kh8 16. Bb3 Rac8 17. Qg3 Nb4 18. Qxg6 Bxg6 19. e4 Nd3+ 20.
Kb1 Nf2 21. Rhf1 Nxd1 22. Rxd1 f5 23. e5 f4 24. Nc4 Nf5 25. d5 Rxc4 26. Bxc4
Ne3 27. Rd4 Nxc2 28. Rd3 Nb4 29. e6 Nxd5 30. Bxd5 Bxd3+ 31. Kc1 Kg7 32. Kd2 Bf5
33. b4 Kf6 34. Kc3 Bxe6 35. Bf3 Ke5 {Normal} 0-1

[Event "Rated Blitz tournament IbvAk2hz"]
[Site "?"]
[Date "2021.06.24"]
[Round "?"]
[White "Hungz"]
[Black "NDMUSPERM523"]
[Result "1-0"]
[WhiteElo "2437"]
[BlackElo "2233"]
[PlyCount "93"]
[EventDate "2021.??.??"]
[EventType "blitz"]

1. e4 e5 2. Nf3 d5 3. d3 dxe4 4. dxe4 Qxd1+ 5. Kxd1 Nc6 6. Bd3 Bg4 7. Be3 O-O-O
8. Nbd2 f6 9. Ke2 Nd4+ 10. Bxd4 Rxd4 11. h3 Bxf3+ 12. Nxf3 Rd7 13. Rhd1 c6 14.
Bc4 Rxd1 15. Rxd1 Bc5 16. Be6+ Kc7 17. Rd7+ Kb6 18. Rd8 g6 19. Rxg8 Rxg8 20.
Bxg8 h6 21. c3 a5 22. a3 a4 23. Nd2 Kc7 24. g3 g5 25. f3 b5 26. Nf1 Kd6 27. Ne3
h5 28. Nf5+ Kd7 29. Bf7 h4 30. gxh4 gxh4 31. Nxh4 Ke7 32. Ba2 Kf8 33. Nf5 Bb6
34. Be6 c5 35. Bd7 b4 36. cxb4 cxb4 37. axb4 Kf7 38. Bxa4 Ke6 39. Bb3+ Kd7 40.
Bd5 Kc7 41. h4 Kd8 42. h5 Bc5 43. h6 Bf8 44. h7 Bg7 45. Nxg7 Ke7 46. h8=Q f5
47. Nxf5+ {Normal} 1-0

[Event "Rated Blitz tournament n92ABFnJ"]
[Site "?"]
[Date "2021.06.24"]
[Round "?"]
[White "SimonMkrtchyan"]
[Black "Justinchess2020"]
[Result "1-0"]
[WhiteElo "2532"]
[BlackElo "2293"]
[PlyCount "115"]
[EventDate "2021.??.??"]
[EventType "blitz"]

1. e4 e5 2. Nf3 d5 3. exd5 Bd6 4. d4 e4 5. Nfd2 Nf6 6. c4 O-O 7. Nb3 b6 8. Be3
Ng4 9. Nc3 f5 10. Be2 h5 11. h3 Qh4 12. Bxg4 fxg4 13. Nxe4 Bb4+ 14. Ke2 Re8 15.
g3 Qe7 16. Nc3 a5 17. Qd3 a4 18. Nd2 Bxc3 19. bxc3 Qf6 20. hxg4 Bxg4+ 21. f3
Bf5 22. Ne4 Qg6 23. Rag1 Rxe4 24. fxe4 Bxe4 25. Qd1 Qg4+ 26. Kd2 Qxd1+ 27. Rxd1
Bxh1 28. Rxh1 Nd7 29. Rxh5 Rf8 30. c5 g6 31. Rg5 Kf7 32. c6 Nf6 33. Bf4 Nxd5
34. Rxd5 Ke6 35. Rd7 Rc8 36. d5+ Kf5 37. Rxc7 Re8 38. Rf7+ Ke4 39. d6 Re6 40.
d7 Rd6+ 41. Bxd6 Kd5 42. d8=Q Kxc6 43. Qc7+ Kd5 44. Qb7+ Kxd6 45. Rf4 Ke6 46.
Rd4 Kf5 47. Qd7+ Kg5 48. Rf4 Kh5 49. Qe7 g5 50. Qf6 gxf4 51. gxf4 Kg4 52. Qg5+
Kf3 53. f5 Ke4 54. f6 Kf3 55. f7 Ke4 56. f8=Q a3 57. Qfe7+ Kf3 58. Qee3# {
Normal} 1-0

[Event "Rated Blitz game"]
[Site "?"]
[Date "2021.06.24"]
[Round "?"]
[White "JoeAssaad"]
[Black "annaly1979"]
[Result "0-1"]
[WhiteElo "2459"]
[BlackElo "2425"]
[PlyCount "74"]
[EventDate "2021.??.??"]
[EventType "blitz"]

1. e4 e5 2. Nf3 d5 3. exd5 e4 4. Qe2 f5 5. d3 Nf6 6. Nc3 Bb4 7. dxe4 Bxc3+ 8.
bxc3 fxe4 9. Nd4 O-O 10. c4 c5 11. Nb3 Bf5 12. Nxc5 Qa5+ 13. Bd2 Qxc5 14. h3
Nbd7 15. g4 Bg6 16. Bg2 Rae8 17. O-O b6 18. Be3 Qd6 19. a4 a5 20. Rfb1 Nc5 21.
Rb5 Nfd7 22. c3 Qe5 23. Bd4 Qf4 24. Qb2 Nd3 25. Qe2 N3e5 26. Bxb6 Nf3+ 27. Bxf3
exf3 28. Qf1 Nxb6 29. Rxb6 h5 30. gxh5 Bxh5 31. c5 Qg5+ 32. Kh1 Qxd5 33. c6 Qc5
34. Rb5 Qxc6 35. Rxh5 Qxc3 36. Rc1 Qb4 37. Qb5 Re1+ {Normal} 0-1

[Event "Rated Blitz game"]
[Site "?"]
[Date "2021.06.24"]
[Round "?"]
[White "ArnieChipmunk"]
[Black "annaly1979"]
[Result "0-1"]
[WhiteElo "2420"]
[BlackElo "2412"]
[PlyCount "99"]
[EventDate "2021.??.??"]
[EventType "blitz"]

1. e4 e5 2. Nf3 d5 3. exd5 e4 4. Qe2 f5 5. d3 Nf6 6. Nc3 Bb4 7. Bd2 Bxc3 8.
Bxc3 O-O 9. dxe4 Nxe4 10. Qc4 b5 11. Qd4 Nxc3 12. bxc3 a6 13. Be2 Nd7 14. O-O
Nf6 15. Rad1 Qd6 16. Qe5 Bd7 17. Qxd6 cxd6 18. c4 Rac8 19. cxb5 axb5 20. Nd4
Ne4 21. Bxb5 Bxb5 22. Nxb5 Rxc2 23. f3 Nc3 24. Nxc3 Rxc3 25. Rc1 Rfc8 26. Rxc3
Rxc3 27. Ra1 Rc5 28. a4 Ra5 29. Kf2 Kf7 30. Ke3 Kf6 31. Kd4 f4 32. Kc4 Ke5 33.
Kb4 Ra8 34. Rd1 Rb8+ 35. Ka5 Rb2 36. Ka6 Rxg2 37. a5 Rxh2 38. Ka7 Ra2 39. a6 g5
40. Kb7 h5 41. a7 Rb2+ 42. Kc7 Rc2+ 43. Kd7 Ra2 44. Kc6 Rxa7 45. Re1+ Kf5 46.
Kxd6 g4 47. fxg4+ hxg4 48. Kc6 f3 49. d6 f2 50. d7 {Normal} 0-1

[Event "Rated Blitz game"]
[Site "?"]
[Date "2021.06.24"]
[Round "?"]
[White "TitanAcorazado"]
[Black "Dzon_Vejn"]
[Result "0-1"]
[WhiteElo "2358"]
[BlackElo "2470"]
[PlyCount "56"]
[EventDate "2021.??.??"]
[EventType "blitz"]

1. e4 e5 2. Nf3 d5 3. d4 dxe4 4. Nxe5 Nd7 5. f4 Nxe5 6. fxe5 f6 7. Bf4 c5 8.
Bb5+ Bd7 9. Bxd7+ Qxd7 10. Qe2 f5 11. dxc5 Bxc5 12. Nc3 O-O-O 13. Rd1 Qc6 14.
Rxd8+ Kxd8 15. Kd1 Ne7 16. Kc1 Kc8 17. Rd1 Bb4 18. Nb5 Bc5 19. Nd6+ Kb8 20. Nf7
Rc8 21. Kb1 Nd5 22. Bg3 f4 23. Bh4 Nb6 24. Nd6 Rg8 25. Nxe4 Be3 26. Rd6 Qxe4
27. e6 Nc8 28. Rd7 Qxe6 {Normal} 0-1

[Event "Rated Blitz game"]
[Site "?"]
[Date "2021.06.24"]
[Round "?"]
[White "floress26"]
[Black "TouchPadPlayer"]
[Result "0-1"]
[WhiteElo "2351"]
[BlackElo "2417"]
[PlyCount "148"]
[EventDate "2021.??.??"]
[EventType "blitz"]

1. e4 e5 2. Nf3 d5 3. Nxe5 Qe7 4. d4 f6 5. Nd3 dxe4 6. Nf4 Nc6 7. Bc4 Bf5 8.
Nc3 O-O-O 9. d5 Qc5 10. Qe2 Nd4 11. Be3 Nxc2+ 12. Qxc2 Qxc4 13. Rc1 Bb4 14. a3
Bxc3+ 15. Qxc3 Qxc3+ 16. Rxc3 Ne7 17. Bxa7 Nxd5 18. Nxd5 Rxd5 19. O-O Rd3 20.
Rfc1 Rxc3 21. Rxc3 Rd8 22. h3 Rd6 23. Bc5 Rc6 24. Bf8 Rb6 25. Bxg7 Rxb2 26.
Bxf6 Rb1+ 27. Kh2 Kd7 28. g4 Be6 29. Kg3 b6 30. Kf4 Bd5 31. Ke5 Rd1 32. Bg5 c5
33. Be3 Kc6 34. h4 Rh1 35. a4 Ra1 36. Rc2 Rxa4 37. Rd2 Ra8 38. g5 Re8+ 39. Kf6
b5 40. Kg7 Re7+ 41. Kf6 Rd7 42. h5 b4 43. Rb2 Kb5 44. Bd2 Kc4 45. Bf4 Kc3 46.
Be5+ Kd3 47. g6 hxg6 48. Kxg6 Rb7 49. h6 Bf7+ 50. Kf6 Bd5 51. Kg6 e3 52. fxe3
Kxe3 53. Bd6 Kd4 54. Rd2+ Kc4 55. Rc2+ Kd3 56. Rxc5 Be4+ 57. Kf6 b3 58. Be5 b2
59. Bxb2 Rxb2 60. Re5 Rf2+ 61. Kg7 Rg2+ 62. Kf6 Rg6+ 63. Kf7 Rxh6 64. Kg7 Rb6
65. Re7 Kd4 66. Rd7+ Bd5 67. Kf8 Ke5 68. Ke7 Be6 69. Rc7 Ra6 70. Rc5+ Bd5 71.
Rc7 Re6+ 72. Kd7 Rg6 73. Rc5 Rg7+ 74. Ke8 Kd6 {Time forfeit} 0-1

[Event "Rated Blitz game"]
[Site "?"]
[Date "2021.06.24"]
[Round "?"]
[White "RobertT74"]
[Black "annaly1979"]
[Result "0-1"]
[WhiteElo "2435"]
[BlackElo "2434"]
[PlyCount "66"]
[EventDate "2021.??.??"]
[EventType "blitz"]

1. e4 e5 2. Nf3 d5 3. d4 dxe4 4. Nxe5 Bd6 5. Nc4 Nf6 6. Nxd6+ cxd6 7. Be3 O-O
8. Be2 d5 9. O-O Nc6 10. b3 h6 11. c4 Be6 12. Nc3 a6 13. c5 Bf5 14. a3 a5 15.
Qd2 Re8 16. Na4 Qe7 17. Nb6 Rad8 18. b4 Nd7 19. b5 Ncb8 20. Qxa5 Nxb6 21. Qxb6
Bc8 22. Bf4 Qh4 23. Bg3 Qg5 24. Bxb8 e3 25. f4 Qg6 26. Be5 f6 27. Bc7 Rd7 28.
Bd6 Rf7 29. Bf3 Qd3 30. Bxd5 e2 31. Rfe1 Qxd4+ 32. Kh1 Qxd5 33. Qa5 Bh3 {Normal
} 0-1

[Event "Rated Blitz game"]
[Site "?"]
[Date "2021.06.24"]
[Round "?"]
[White "darkdisaster2002"]
[Black "khalid_ontawar"]
[Result "0-1"]
[WhiteElo "2498"]
[BlackElo "2475"]
[PlyCount "68"]
[EventDate "2021.??.??"]
[EventType "blitz"]

1. e4 e5 2. Nf3 d5 3. Nxe5 Qe7 4. d4 f6 5. Nd3 dxe4 6. Nf4 Bf5 7. Nc3 Nc6 8.
Be3 O-O-O 9. Be2 g5 10. Nh5 Qf7 11. Ng3 Bg6 12. Qd2 Bb4 13. a3 Bxc3 14. Qxc3
Nge7 15. Bc4 Qe8 16. O-O-O h6 17. h4 Nf5 18. Nxf5 Bxf5 19. Bb5 Bd7 20. hxg5
hxg5 21. Rxh8 Qxh8 22. d5 Ne5 23. Bxd7+ Rxd7 24. Bxa7 Qd8 25. Qa5 Nc6 26. Qa4
Rxd5 27. Re1 f5 28. g3 Qd6 29. Be3 f4 30. Qa8+ Kd7 31. gxf4 gxf4 32. Rh1 fxe3
33. Rh7+ Ne7 34. Qa4+ b5 {Normal} 0-1

[Event "Rated Blitz game"]
[Site "?"]
[Date "2021.06.24"]
[Round "?"]
[White "LudovicM59"]
[Black "annaly1979"]
[Result "1-0"]
[WhiteElo "2500"]
[BlackElo "2423"]
[PlyCount "93"]
[EventDate "2021.??.??"]
[EventType "blitz"]

1. e4 e5 2. Nf3 d5 3. Nc3 dxe4 4. Nxe4 f5 5. Nc3 e4 6. Ng1 Bc5 7. d3 Nf6 8. Be3
Bxe3 9. fxe3 O-O 10. g3 Nc6 11. d4 Ng4 12. Qd2 Qg5 13. Nd5 Rd8 14. Nh3 Qh6 15.
Ndf4 Be6 16. Nf2 Bf7 17. Nxg4 fxg4 18. Qc3 a5 19. a3 g5 20. Ng2 Qf6 21. Be2 Ne7
22. Rf1 Qb6 23. Bc4 Bd5 24. O-O-O Qc6 25. Bxd5+ Nxd5 26. Qxc6 bxc6 27. Rf5 h6
28. Rdf1 Rf8 29. Rxf8+ Rxf8 30. Rxf8+ Kxf8 31. c4 Nb6 32. b3 a4 33. Kc2 axb3+
34. Kxb3 Ke7 35. a4 Ke6 36. a5 Nc8 37. Kb4 Kd6 38. a6 h5 39. Ne1 Na7 40. Nc2
c5+ 41. dxc5+ Ke5 42. Nd4 h4 43. Nb5 Nc6+ 44. Kc3 Ke6 45. a7 Nxa7 46. Nxa7 Kd7
47. Kd4 {Normal} 1-0

[Event "Rated Blitz game"]
[Site "?"]
[Date "2021.06.24"]
[Round "?"]
[White "lanya_banana"]
[Black "annaly1979"]
[Result "1-0"]
[WhiteElo "2482"]
[BlackElo "2431"]
[PlyCount "88"]
[EventDate "2021.??.??"]
[EventType "blitz"]

1. e4 e5 2. Nf3 d5 3. Nc3 dxe4 4. Nxe4 f5 5. Ng3 e4 6. Bc4 exf3 7. O-O Nf6 8.
Qxf3 Nc6 9. Re1+ Be7 10. Nxf5 Bxf5 11. Qxf5 Qd7 12. Be6 Qd6 13. c3 Kd8 14. d4
g6 15. Qf3 Nh5 16. Bh6 Re8 17. Bf7 Rh8 18. Re6 Qd7 19. Rae1 Bd6 20. Bg5+ Kc8
21. Re8+ Rxe8 22. Rxe8+ Qxe8 23. Bxe8 a5 24. Qf7 Kb8 25. g4 Ka7 26. gxh5 gxh5
27. Bxc6 bxc6 28. Qxh7 Kb7 29. f4 a4 30. a3 Rf8 31. Qxh5 Bxf4 32. Bxf4 Rxf4 33.
Qa5 Re4 34. Kf2 Rh4 35. Kg3 Re4 36. Qxa4 Re2 37. Qb4+ Kc8 38. h4 Kd7 39. h5 Re1
40. h6 Rh1 41. Qf8 Rg1+ 42. Kf2 Rh1 43. Qg7+ Kc8 44. h7 Rh2+ {Normal} 1-0

[Event "Rated Blitz game"]
[Site "?"]
[Date "2021.06.24"]
[Round "?"]
[White "SrJingles"]
[Black "annaly1979"]
[Result "0-1"]
[WhiteElo "2544"]
[BlackElo "2439"]
[PlyCount "175"]
[EventDate "2021.??.??"]
[EventType "blitz"]

1. e4 e5 2. Nf3 d5 3. Nc3 dxe4 4. Nxe4 f5 5. Ng3 e4 6. Ng1 Bc5 7. Bc4 Nf6 8.
Qe2 Nc6 9. c3 Ne5 10. Nh3 c6 11. O-O b5 12. Bb3 Qd3 13. Nf4 Qxe2 14. Ngxe2 g5
15. Ne6 Bxe6 16. Bxe6 f4 17. Nd4 Bxd4 18. cxd4 Nd3 19. b3 Ke7 20. Bf5 b4 21. f3
Nxc1 22. Raxc1 exf3 23. gxf3 Kd6 24. Rfe1 Rae8 25. Kf2 Rxe1 26. Rxe1 Re8 27.
Rxe8 Nxe8 28. Bxh7 Nf6 29. Be4 Nd5 30. Ke2 Nc7 31. Kd3 Nb5 32. h3 a5 33. Kc4
Na3+ 34. Kd3 Nb1 35. Kc2 Na3+ 36. Kd3 c5 37. dxc5+ Kxc5 38. Bh7 Kd5 39. Bg8+
Ke5 40. Bc4 Nb1 41. Bb5 Kd5 42. Ba6 Na3 43. Bb7+ Ke5 44. Be4 Nb5 45. Kc4 Nd6+
46. Kd3 Nb5 47. Bc6 Nd4 48. Be4 Ne6 49. Kc4 Nc7 50. d4+ Kd6 51. Bb7 Ke6 52. Kc5
Kd7 53. Bc6+ Ke6 54. d5+ Ke5 55. d6 Ne6+ 56. Kb5 Nd4+ 57. Kc5 Ne6+ 58. Kb6 Kxd6
59. Be4 Nc5 60. Bc2 Kd5 61. Kxa5 Kd4 62. Kxb4 Nd3+ 63. Bxd3 Kxd3 64. a3 Ke3 65.
a4 Kxf3 66. a5 Kg3 67. a6 f3 68. a7 f2 69. a8=Q f1=Q 70. Qb8+ Kxh3 71. Qc8+ g4
72. Qh8+ Kg2 73. Qb8 g3 74. Qb7+ Qf3 75. Qb6 Kf1 76. Ka5 g2 77. b4 g1=Q 78. Qc5
Qa3+ 79. Kb5 Qxc5+ 80. bxc5 Qa8 81. c6 Qc8 82. Kc5 Ke2 83. Kd5 Kd3 84. Kd6 Ke4
85. Kc5 Ke5 86. Kb6 Kd5 87. c7 Kd6 88. Kb5 {Normal} 0-1

[Event "Rated Blitz game"]
[Site "?"]
[Date "2021.06.24"]
[Round "?"]
[White "MyLittlePoney"]
[Black "pampen"]
[Result "0-1"]
[WhiteElo "2431"]
[BlackElo "2417"]
[PlyCount "92"]
[EventDate "2021.??.??"]
[EventType "blitz"]

1. e4 e5 2. Nf3 d5 3. exd5 Bd6 4. Nc3 f5 5. Bb5+ Nd7 6. d4 e4 7. Ne5 Ngf6 8.
Bg5 O-O 9. Nxd7 Bxd7 10. Bxd7 Qxd7 11. Bxf6 Rxf6 12. Qe2 a6 13. O-O-O b5 14.
Rde1 b4 15. Nd1 Qa4 16. Kb1 Qa5 17. f3 exf3 18. Qxf3 Qb5 19. Nf2 a5 20. Nd3 a4
21. Ne5 Re8 22. Qd3 Qxd5 23. g3 Bxe5 24. dxe5 Rxe5 25. Qxd5+ Rxd5 26. Re3 Rfd6
27. Kc1 Rd2 28. a3 c5 29. Rhe1 Rxh2 30. axb4 cxb4 31. Re8+ Kf7 32. R8e2 Rxe2
33. Rxe2 g5 34. Re5 Kg6 35. Ra5 h5 36. Rxa4 h4 37. gxh4 gxh4 38. Rxb4 Kg5 39.
Rb8 h3 40. Rg8+ Rg6 41. Rh8 Rh6 42. Rg8+ Kf4 43. Rg1 h2 44. Rd1 h1=Q 45. Rxh1
Rxh1+ 46. Kd2 Ke4 {Normal} 0-1

[Event "Rated Blitz game"]
[Site "?"]
[Date "2021.06.24"]
[Round "?"]
[White "CVFrancisco_15_Pasig"]
[Black "khalid_ontawar"]
[Result "0-1"]
[WhiteElo "2489"]
[BlackElo "2464"]
[PlyCount "64"]
[EventDate "2021.??.??"]
[EventType "blitz"]

1. e4 e5 2. Nf3 d5 3. Nxe5 Qe7 4. d4 f6 5. Nd3 dxe4 6. Nf4 Bf5 7. Bc4 Nc6 8. c3
O-O-O 9. Be3 g5 10. Ne2 Bg6 11. Qd2 h6 12. g4 f5 13. gxf5 Bxf5 14. Na3 Nf6 15.
Ng3 Bg6 16. O-O-O Qg7 17. Nc2 Bd6 18. Kb1 Ng4 19. Rde1 Rhf8 20. h3 Nxe3 21.
Nxe3 Bxg3 22. fxg3 Ne5 23. Be2 Nf3 24. Bxf3 Rxf3 25. g4 Rdf8 26. Nf5 Bxf5 27.
gxf5 Qf7 28. Rxe4 Qxf5 29. Rhe1 Re8 30. Qc2 Rxe4 31. Qxe4 Qxe4+ 32. Rxe4 Rxh3 {
Normal} 0-1

[Event "Rated Blitz game"]
[Site "?"]
[Date "2021.06.24"]
[Round "?"]
[White "csotany"]
[Black "khalid_ontawar"]
[Result "0-1"]
[WhiteElo "2400"]
[BlackElo "2463"]
[PlyCount "44"]
[EventDate "2021.??.??"]
[EventType "blitz"]

1. e4 e5 2. Nf3 d5 3. Nc3 dxe4 4. Nxe4 f6 5. Bc4 Qe7 6. O-O Be6 7. Bxe6 Qxe6 8.
d4 Nd7 9. dxe5 fxe5 10. Neg5 Qe7 11. Re1 O-O-O 12. Qe2 h6 13. Ne4 Ngf6 14. Ng3
Re8 15. Be3 Kb8 16. Rad1 Qe6 17. Qb5 Bd6 18. Bd4 h5 19. Bxe5 Nxe5 20. Nxe5 Bxe5
21. f4 Bd4+ 22. Kh1 Qxe1+ {Normal} 0-1

[Event "Rated Blitz game"]
[Site "?"]
[Date "2021.06.23"]
[Round "?"]
[White "HUGOABEL"]
[Black "Dzon_Vejn"]
[Result "0-1"]
[WhiteElo "2343"]
[BlackElo "2448"]
[PlyCount "68"]
[EventDate "2021.??.??"]
[EventType "blitz"]

1. e4 e5 2. Nf3 d5 3. exd5 e4 4. Qe2 Nf6 5. Nc3 Be7 6. Nxe4 O-O 7. d3 Nxd5 8.
Bd2 Re8 9. O-O-O f5 10. Ng3 Bf6 11. Be3 f4 12. Ne4 fxe3 13. fxe3 Nc6 14. h4 Bg4
15. Qf2 Ndb4 16. Kb1 Rxe4 17. a3 Na6 18. Be2 Re8 19. Qg3 h5 20. e4 Nc5 21. Rdf1
Na4 22. c3 Bxc3 23. Bd1 Nxb2 24. Bb3+ Be6 25. Bxe6+ Rxe6 26. Ng5 Rf6 27. Rxf6
Bxf6 28. Kc2 Qxd3+ 29. Qxd3 Nxd3 30. Kxd3 Ne5+ 31. Ke3 Rd8 32. Rb1 b6 33. Rc1
c5 34. Kf4 Nd3+ {Normal} 0-1

[Event "Rated Blitz game"]
[Site "?"]
[Date "2021.06.23"]
[Round "?"]
[White "Jablanko"]
[Black "pasha1984"]
[Result "0-1"]
[WhiteElo "2361"]
[BlackElo "2412"]
[PlyCount "104"]
[EventDate "2021.??.??"]
[EventType "blitz"]

1. e4 e5 2. Nf3 d5 3. Nxe5 dxe4 4. Nc3 Bd6 5. d4 Bxe5 6. dxe5 Qxd1+ 7. Kxd1 Nc6
8. Nxe4 Nxe5 9. Bf4 Ng6 10. Bxc7 Bf5 11. Bd3 N8e7 12. Nd6+ Kd7 13. Nxf5 Nxf5
14. Ba5 Nd6 15. Re1 Rhe8 16. Kd2 Nf4 17. Bf1 b6 18. Bc3 Rad8 19. Rxe8 Kxe8 20.
Re1+ Kf8 21. Kc1 a5 22. g3 Nd5 23. Bd4 Nf5 24. Rd1 Nxd4 25. Rxd4 Ke7 26. Bc4
Nf6 27. Rxd8 Kxd8 28. Bxf7 Ng4 29. Bh5 Nxf2 30. Bf3 Nh3 31. Kd2 Ng5 32. Bd5 Ke7
33. Ke3 Kd6 34. Be4 h6 35. h4 Ne6 36. c3 Ke5 37. Bf3 g5 38. Kd3 gxh4 39. gxh4
Kd6 40. Kc4 Nf4 41. Kb5 Kc7 42. Be4 Ne2 43. a4 Ng3 44. Bf3 Nf1 45. c4 Nd2 46.
Bd5 Nb3 47. Bf7 Nd4+ 48. Ka6 Nb3 49. Be6 Nc5+ 50. Kb5 Nxe6 51. b4 Nd4+ 52. Ka6
axb4 {Normal} 0-1

[Event "Rated Classical game"]
[Site "?"]
[Date "2021.06.23"]
[Round "?"]
[White "hate_club"]
[Black "Artemis_1354"]
[Result "1-0"]
[WhiteElo "2582"]
[BlackElo "2321"]
[PlyCount "37"]
[EventDate "2021.??.??"]

1. e4 e5 2. Nf3 d5 3. Nxe5 Bd6 4. d4 dxe4 5. Bc4 Bxe5 6. Qh5 Qe7 7. Qxe5 Qxe5
8. dxe5 Nc6 9. Nc3 Nxe5 10. Nd5 Nxc4 11. Nxc7+ Kd7 12. Nxa8 Ne7 13. b3 Ne5 14.
Bb2 f6 15. O-O-O+ Kc6 16. Rhe1 Bf5 17. Ba3 Nd5 18. c4 Nf4 19. Rd6# {Normal} 1-0

[Event "Rated Blitz game"]
[Site "?"]
[Date "2021.06.23"]
[Round "?"]
[White "taoneto"]
[Black "hardacre"]
[Result "1-0"]
[WhiteElo "2416"]
[BlackElo "2323"]
[PlyCount "40"]
[EventDate "2021.??.??"]
[EventType "blitz"]

1. e4 e5 2. Nf3 d5 3. exd5 e4 4. Qe2 f5 5. d4 Qxd5 6. Ne5 Be6 7. Qb5+ Nd7 8.
Qxd5 Bxd5 9. Nxd7 Kxd7 10. c4 Bf7 11. Nc3 Rd8 12. Bf4 Kc8 13. O-O-O a6 14. Be2
Nf6 15. h3 h6 16. g4 g5 17. Be5 Bg7 18. gxf5 Nh5 19. Bxh5 Bxh5 20. Bxg7 Rhg8 {
Normal} 1-0

[Event "Rated Rapid game"]
[Site "?"]
[Date "2021.06.23"]
[Round "?"]
[White "virre"]
[Black "Baris_AE"]
[Result "1-0"]
[WhiteElo "2499"]
[BlackElo "2399"]
[PlyCount "105"]
[EventDate "2021.??.??"]
[EventType "rapid"]

1. e4 e5 2. Nf3 d5 3. Nxe5 Bd6 4. d4 dxe4 5. Nc4 Nf6 6. Nxd6+ cxd6 7. Be2 O-O
8. O-O d5 9. Bg5 Nbd7 10. Nc3 Qb6 11. Na4 Qc6 12. b3 b5 13. Nb2 a5 14. a4 Qc3
15. Rb1 b4 16. Qd2 Qxd2 17. Bxd2 Ba6 18. Bxa6 Rxa6 19. c3 bxc3 20. Bxc3 Rc8 21.
Nd1 Ne8 22. Be1 f5 23. Ne3 g6 24. Nxd5 Rc2 25. g3 Kf7 26. h4 Ke6 27. Nf4+ Kd6
28. b4 axb4 29. Bxb4+ Kc6 30. Rfc1 Rxc1+ 31. Rxc1+ Kb7 32. a5 Rc6 33. Rb1 Ka6
34. d5 Rc4 35. Be7 Kxa5 36. Ne6 Nef6 37. Bd8+ Ka4 38. Bxf6 Nxf6 39. d6 Rc6 40.
Rd1 Nd7 41. Ng5 Kb3 42. Nxh7 Kc2 43. Rd5 Rc5 44. Rxc5+ Nxc5 45. Nf8 Kd3 46. d7
Nb7 47. Nxg6 e3 48. fxe3 Kxe3 49. Kg2 Nd8 50. h5 Ke4 51. h6 Kd5 52. h7 Nf7 53.
h8=Q {Normal} 1-0

[Event "Rated Blitz game"]
[Site "?"]
[Date "2021.06.23"]
[Round "?"]
[White "kraken76"]
[Black "pasha1984"]
[Result "1-0"]
[WhiteElo "2323"]
[BlackElo "2408"]
[PlyCount "59"]
[EventDate "2021.??.??"]
[EventType "blitz"]

1. e4 e5 2. Nf3 d5 3. d4 dxe4 4. Nxe5 Bd6 5. Qh5 Bxe5 6. Qxe5+ Kf8 7. b3 Nf6 8.
Ba3+ Kg8 9. Be2 Nc6 10. Qc5 Nxd4 11. Bd1 Ne6 12. Qc3 Qd4 13. Qxd4 Nxd4 14. Nc3
Bf5 15. Bc5 Rd8 16. O-O Ne6 17. Be3 Nd5 18. Nxd5 Rxd5 19. Be2 Kf8 20. Rfd1
Rxd1+ 21. Rxd1 Ke7 22. g4 Bg6 23. Bc1 Rd8 24. Ba3+ Ke8 25. Re1 Rd2 26. Bd1 Nf4
27. Bc1 Rxd1 28. Rxd1 Ne2+ 29. Kf1 Nc3 30. Re1 {Normal} 1-0